Statistics for It's Always Sunny in Philadelphia Characters

Click here to take the quiz!

General Stats

  • This quiz has been taken 229 times
  • The average score is 22 of 63

Answer Stats

ClueAnswer% Correct
Who the above is obsessed withThe Waitress
99%
Character also known as "Mac"Ronald McDonald
89%
Janitor at the pubCharlie Kelly
88%
Aspiring actress and twin of the aboveDeandra Reynolds
87%
Co-owner of the pub with an extreme temperDennis Reynolds
87%
Legal step-father of the twinsFrank Reynolds
87%
A priest who has spiraled down over the years thanks to the actions of the Gang.Matthew Mara
71%
Trans woman who dated one of the gang.Carmen
67%
Married one of the gang but later divorced because of her "dead tooth".Maureen Ponderosa
62%
Becomes engaged to the above but the marriage does not happen, after her ex-husband sleeps with her again.Liam McPoyle
61%
The twins' cousin whom they threw into the dryer and sprinkled salt over.Gail the Snail
58%
Dee's high school crush who has put on a lot of weight.Bill Ponderosa
57%
Mother of one of the gang. Used to be a prostitute.Bonnie Kelly
56%
A lawyer with small hands.Jack Kelly
55%
Dee's online chat buddy "soldier of fortune"Ben Smith
54%
Convicted felon who convinces members of the gang to smuggle heroin into the prison.Luther McDonald
54%
Mac's cousin who outperforms him in every single way.Country Mac
53%
Has a strange addiction of inhaling Pledge furniture cleaner.Ryan McPoyle
53%
Mother of the twins whom is referred to as "whore wife."Barbara Landgraf Reynolds
52%
Accidentally burns her house down and moves in with the above.Mrs McDonald
52%
A rapper The Gang was convinced was a retarded person.Lil Kev
51%
Deaf-mute sister of the above.Margaret McPoyle
51%
Biological father of the twinsBruce Mathis
49%
A former member of the gang back in high school.Peter Schmidt
49%
Successful fashion designer who used to be morbidly obese in high school.Ingrid Nelson
48%
Charlie and Mac's old friend who has become mild-mannered after spending time in a mental institution.Psycho Pete
48%
The twins' nazi grandfather.Heinrich Landgraf
46%
An attorney who has a strong dislike for the Gang.The Lawyer
43%
Prostitute Frank wanted to marry but she later died of an overdose.Roxy
41%
Aspiring football player who was shot in the leg.Doyle McPoyle
34%
Model who appears in "America's Next Top Paddy's Billboard Model Contest".Rex
32%
A senior citizen who played the piano during Charlie's play.Gladys
31%
Famous singer whom Dee self-tans and wears white shorts for.Josh Groban
29%
Dennis' former roommate who is into anonymous sex.Jan
27%
The "Barfly" who is commonly seen in the background in the bar.Ernie
26%
Frank's friend that he met under a bridge.Duncan
25%
The above's right hand man.Z
19%
Landlord of the above.Hwang
18%
A nurse who helps Dennis recover after being shot in the head.Jackie Denardo
18%
A deranged, homeless wrestler.Da Maniac
17%
Husband of the above.Nick
17%
Mother of the above.Aunt Donna
16%
A womanizer who dated several bartenders at the same time while robbing their bars.Colin
16%
Frank's older brother.Gino Reynolds
16%
Dated Dee in high school but was dumped because of his acne.Brad Fisher
15%
High school student that blackmailed Dennis into going to the prom.Tammy
14%
Pharmacist who slept with the bar owner as part of the D.E.N.N.I.S systemCaylee
13%
High school student that asks Dee to the prom to make the above jealous.Trey
12%
A middle-aged toothless man who Dee slept with to get the secret recipe.Grizzled busman
11%
Works for an anti-abortion organization and slept with the above.Megan
11%
Critic that wrote a review entitled, "Paddy's Pub: The Worst Bar in Philadelphia".Lyle Corman
10%
High school student that asked Charlie to the prom.Sara
10%
Son of the above whom Charlie uses in the Big Brothers program to impress his crush.Tommy Doyle
8%
Often offers to perform in the nude, even when it is unnecessary.Artemis Dubois
6%
A girl Charlie slept with in high school.Stacy Corvelli
5%
Granddaughter of the above whom Mac and Dennis lied to about how well they knew her grandfather.Rebecca Keane
4%
The man that died in the pub.Lional Keane
3%
An Israeli businessman who briefly dated Dennis and Dee's mother.Ari Frankel
2%
Sister of the above who briefly dated Charlie.Janell Jenkins
2%
Former friend of Dee's who was hired to promote the bar, and turned it into "The Hottest Gay Bar in Philadelphia."Terrell Jenkins
2%
The principal who hires Dee as a substitute teacher for the teacher above.Brian McIntyre
1%
High school drama teacher.Dr. Larry Meyers
1%
Gym teacher the McPoyles accused of molesting them.Coach Chris Murray
0%

Score Distribution

Percentile by Number Answered

Percent of People with Each Score

Your Score History

You have not taken this quiz